Japanese Car Brands Quiz Stats

Quiz Updated Nov 8, 2014

Challenge
Share
Tweet
Embed
Score 0/8 Timer 01:00
9 Plays Today
% Correct
Suzuki
94.5%
Mitsubishi
92.7%
Toyota
92.6%
Isuzu
89%
Honda
88.1%
Mazda
82.8%
Subaru
79.8%
Daihatsu
79.6%

You're not logged in!

Compare scores with friends on all Sporcle quizzes.
Join for Free
OR
Log In

You Might Also Like...

Show Comments

Extras

Top Quizzes Today


Score Distribution

Your Account Isn't Verified!

In order to create a playlist on Sporcle, you need to verify the email address you used during registration. Go to your Sporcle Settings to finish the process.

Report this User

Report this user for behavior that violates our Community Guidelines.

Details: